[Event "FIDE World Youth U16 Chess Olympiad SLOVAKIA 2016"]
[Site "Poprad Tatry SLOVAKIA"]
[Date "2016.07.27"]
[Round "7"]
[Board "2"]
[White "Song, Ziyuan (sam)"]
[Black "Bohus, Adam"]
[Result "1-0"]
[WhiteElo "2049"]
[BlackElo "2200"]
[PlyCount "75"]
[EventDate "2016.07.22"]
[EventType "team"]
[EventRounds "9"]
[EventCountry "SVK"]
[WhiteTeam "Canada"]
[BlackTeam "Hungary 2"]

1. e4 e5 2. Nf3 Nc6 3. d4 exd4 4. Nxd4 Bc5 5. Be3 Qf6 6. c3 Nge7 7. Bc4 Ne5 8.
Bb3 Qg6 9. O-O d5 10. Bf4 Bg4 11. Qc2 f6 12. Ba4+ c6 13. Nd2 O-O 14. Kh1 Nf7
15. Rfe1 dxe4 16. Nxe4 Bxd4 17. cxd4 Nd5 18. Qd2 Rad8 19. Nc5 Bc8 20. Bc2 Qg4
21. Bg3 b6 22. Nb3 f5 23. f3 Qh5 24. Nc1 f4 25. Bxf4 Nxf4 26. Qxf4 Ng5 27. Qg3
Rxd4 28. Re5 Re8 29. Ne2 Rxe5 30. Qxe5 Rd8 31. Bb3+ Kh8 32. Nf4 Re8 33. Nxh5
Rxe5 34. f4 Re2 35. fxg5 g6 36. Nf6 Rxb2 37. Re1 Kg7 38. Re7+ 1-0

[Event "FIDE World Youth U16 Chess Olympiad SLOVAKIA 2016"]
[Site "Poprad Tatry SLOVAKIA"]
[Date "2016.07.27"]
[Round "7"]
[Board "3"]
[White "Egyed, Judit"]
[Black "Talukdar, Rohan"]
[Result "0-1"]
[WhiteElo "2107"]
[BlackElo "2051"]
[PlyCount "76"]
[EventDate "2016.07.22"]
[EventType "team"]
[EventRounds "9"]
[EventCountry "SVK"]
[WhiteTeam "Hungary 2"]
[BlackTeam "Canada"]

1. e4 c5 2. Nf3 d6 3. d4 cxd4 4. Nxd4 Nf6 5. Nc3 g6 6. f3 Bg7 7. Be3 Nc6 8. Bc4
O-O 9. Qd2 Bd7 10. O-O-O Rc8 11. Bb3 Ne5 12. h4 h5 13. Bg5 Rc5 14. Kb1 b5 15.
g4 hxg4 16. h5 Rxc3 17. Qxc3 Nxh5 18. Qe3 a5 19. f4 Nc4 20. Bxc4 bxc4 21. f5
Qb6 22. Bxe7 Re8 23. Bxd6 Qxd6 24. Ne6 Qg3 25. Qxg3 Nxg3 26. Nxg7 Kxg7 27. Rhg1
Nxe4 28. Rxd7 gxf5 29. Rd5 Kg6 30. Rxa5 Kg5 31. a4 g3 32. Ra7 f4 33. Rxf7 Kg4
34. a5 f3 35. a6 f2 36. Rd1 g2 37. Kc1 g1=Q 38. Rg7+ Ng5 0-1

[Event "FIDE World Youth U16 Chess Olympiad SLOVAKIA 2016"]
[Site "Poprad Tatry SLOVAKIA"]
[Date "2016.07.27"]
[Round "7"]
[Board "4"]
[White "Ouellet, Maili-Jade"]
[Black "Kovacs, Judit"]
[Result "0-1"]
[WhiteElo "1947"]
[BlackElo "2114"]
[PlyCount "88"]
[EventDate "2016.07.22"]
[EventType "team"]
[EventRounds "9"]
[EventCountry "SVK"]
[WhiteTeam "Canada"]
[BlackTeam "Hungary 2"]

1. d4 d5 2. c4 c6 3. Nf3 Nf6 4. Nc3 a6 5. a4 e6 6. Bg5 Qa5 7. Bxf6 gxf6 8. e3
Nd7 9. Nd2 f5 10. Bd3 Nf6 11. O-O Qd8 12. Qe2 Bd6 13. c5 Bc7 14. b4 O-O 15.
Rfc1 Kh8 16. b5 Rg8 17. Nb3 Ng4 18. h3 Qh4 19. Na2 Nf6 20. Kf1 Qg5 21. Qf3 e5
22. dxe5 Bxe5 23. Nd4 axb5 24. Nc3 Bxd4 25. exd4 bxa4 26. Rd1 Ne4 27. Nb1 Qg7
28. Bc2 Nxc5 29. Nc3 Ne4 30. Rxa4 Rxa4 31. Nxa4 b5 32. Nc5 b4 33. Nb3 Ba6+ 34.
Bd3 Bc4 35. Bxc4 dxc4 36. Na5 c3 37. Nb3 Qg5 38. g3 c2 39. Re1 Nd2+ 40. Nxd2
Qxd2 41. Qxc6 Kg7 42. Qc4 b3 43. Qc5 b2 44. Qe5+ Kg6 0-1

[Event "FIDE World Youth U16 Chess Olympiad SLOVAKIA 2016"]
[Site "Poprad Tatry SLOVAKIA"]
[Date "2016.07.27"]
[Round "7"]
[Board "1"]
[White "Walter, Szymon"]
[Black "Pechac, Jergus"]
[Result "0-1"]
[WhiteElo "2206"]
[BlackElo "2463"]
[PlyCount "90"]
[EventDate "2016.07.22"]
[EventType "team"]
[EventRounds "9"]
[EventCountry "SVK"]
[WhiteTeam "Poland 1"]
[BlackTeam "Slovakia 1"]

1. e4 c5 2. Nf3 d6 3. d4 cxd4 4. Nxd4 Nf6 5. Nc3 a6 6. Be3 e5 7. Nb3 Be6 8. h3
Nbd7 9. f4 Rc8 10. Qf3 b5 11. Bd3 Be7 12. O-O O-O 13. Nd5 Bxd5 14. exd5 Re8 15.
Bf5 e4 16. Qd1 Rc4 17. Bxd7 Nxd7 18. Nd4 Bf6 19. Nc6 Qc7 20. c3 Nb6 21. Bxb6
Qxb6+ 22. Kh2 a5 23. Qg4 Qc7 24. Rae1 b4 25. Qe2 Rxc6 26. dxc6 bxc3 27. bxc3 d5
28. Qa6 Bxc3 29. Rb1 e3 30. Rb7 Qd6 31. Rd7 Qe6 32. Qe2 Qxc6 33. Ra7 Qc4 34.
Rf2 Qxe2 35. Rxe2 d4 36. Rd7 g6 37. Kg3 Rb8 38. Kf3 Rb1 39. g4 Rf1+ 40. Kg2
Rxf4 41. Kg3 Rf1 42. Kg2 Rb1 43. Kf3 Kg7 44. h4 Rh1 45. Kg3 Kf6 0-1

[Event "FIDE World Youth U16 Chess Olympiad SLOVAKIA 2016"]
[Site "Poprad Tatry SLOVAKIA"]
[Date "2016.07.27"]
[Round "7"]
[Board "2"]
[White "Haring, Viktor"]
[Black "Garbowski, Jakub"]
[Result "1/2-1/2"]
[WhiteElo "2289"]
[BlackElo "2102"]
[PlyCount "101"]
[EventDate "2016.07.22"]
[EventType "team"]
[EventRounds "9"]
[EventCountry "SVK"]
[WhiteTeam "Slovakia 1"]
[BlackTeam "Poland 1"]

1. e4 c5 2. Nf3 e6 3. d4 cxd4 4. Nxd4 Nf6 5. Bd3 Nc6 6. Nxc6 bxc6 7. Qe2 d5 8.
Nd2 Be7 9. O-O O-O 10. Kh1 a5 11. a4 Qb6 12. b3 Ba6 13. Bb2 Rfd8 14. e5 Nd7 15.
f4 Nc5 16. Bxa6 Qxa6 17. Qg4 Bf8 18. Rae1 g6 19. Nf3 Bg7 20. Ba3 Qb6 21. Qh4
Re8 22. g4 Ne4 23. Rxe4 dxe4 24. Ng5 h6 25. Nxe4 Qd4 26. Re1 Qd5 27. Kg2 Rac8
28. Bc5 Qd8 29. Qh3 Rb8 30. Qc3 Qh4 31. h3 Red8 32. Qxa5 Rd5 33. Qc3 Rbd8 34.
Bd6 R8xd6 35. Nxd6 Rxd6 36. Re2 Rd5 37. Qxc6 h5 38. Qe8+ Bf8 39. gxh5 Qxh5 40.
Rf2 Qd1 41. c4 Rd2 42. Qb8 Rxf2+ 43. Kxf2 Kg7 44. Qb6 Qd2+ 45. Kf3 g5 46. fxg5
Qxg5 47. Qe3 Qf5+ 48. Ke2 Qc2+ 49. Kf3 Qf5+ 50. Ke2 Qc2+ 51. Kf3 1/2-1/2

[Event "FIDE World Youth U16 Chess Olympiad SLOVAKIA 2016"]
[Site "Poprad Tatry SLOVAKIA"]
[Date "2016.07.27"]
[Round "7"]
[Board "4"]
[White "Vrtiakova, Anna"]
[Black "Szmer, Aleksander"]
[Result "0-1"]
[WhiteElo "2044"]
[BlackElo "1808"]
[PlyCount "74"]
[EventDate "2016.07.22"]
[EventType "team"]
[EventRounds "9"]
[EventCountry "SVK"]
[WhiteTeam "Slovakia 1"]
[BlackTeam "Poland 1"]

1. e4 a6 2. d4 b5 3. Nf3 Bb7 4. Bd3 Nf6 5. Nbd2 e6 6. O-O d5 7. Qe2 c5 8. c3
Nc6 9. e5 Nd7 10. dxc5 Nxc5 11. Bb1 Qc7 12. Re1 Be7 13. Nd4 g6 14. f4 Qb6 15.
N2f3 b4 16. Be3 bxc3 17. bxc3 Qa5 18. Qb2 Kd7 19. Bc2 Rab8 20. Rad1 Rhc8 21. c4
Nxd4 22. Nxd4 Na4 23. Bxa4+ Qxa4 24. cxd5 Bxd5 25. Qf2 Rb7 26. f5 gxf5 27. Nxf5
Rc2 28. Re2 Rxa2 29. Red2 Ra1 30. Rxd5+ exd5 31. Re1 Rbb1 32. Bd2 Rxe1+ 33.
Bxe1 d4 34. Qe2 Qd1 35. Kf2 Qxe2+ 36. Kxe2 d3+ 37. Kf2 Bc5+ 0-1

[Event "FIDE World Youth U16 Chess Olympiad SLOVAKIA 2016"]
[Site "Poprad Tatry SLOVAKIA"]
[Date "2016.07.27"]
[Round "7"]
[Board "1"]
[White "Macovei, Andrei"]
[Black "Stabulnieks, Klavs"]
[Result "1-0"]
[WhiteElo "2396"]
[BlackElo "2099"]
[PlyCount "91"]
[EventDate "2016.07.22"]
[EventType "team"]
[EventRounds "9"]
[EventCountry "SVK"]
[WhiteTeam "Moldova"]
[BlackTeam "Latvia"]

1. e4 c5 2. Nf3 e6 3. d4 cxd4 4. Nxd4 a6 5. Nc3 Qc7 6. Bd3 Nf6 7. f4 d6 8. Qf3
b5 9. g4 Bb7 10. Be3 Nc6 11. g5 Nd7 12. O-O-O Nc5 13. Kb1 O-O-O 14. h4 Kb8 15.
Rc1 Be7 16. a3 Rc8 17. Nxc6+ Bxc6 18. Bd4 f6 19. Rhg1 e5 20. Be3 exf4 21. Qxf4
Nd7 22. Nd5 Bxd5 23. exd5 Ne5 24. Be2 Qb7 25. Rgd1 Nc4 26. Bd4 Rhf8 27. Qg4 g6
28. h5 gxh5 29. Qe6 fxg5 30. Bxh5 Rf4 31. Ka2 Rc7 32. b3 Nb6 33. c4 Nc8 34. Be2
h5 35. Bxh5 Rh4 36. Be2 Rh2 37. Rc2 b4 38. c5 bxa3 39. c6 Qb4 40. Rc4 Qb5 41.
Kxa3 a5 42. Bg1 Rg2 43. Qe3 g4 44. Qe4 Rg3 45. Rc3 Qb4+ 46. Qxb4+ 1-0

[Event "FIDE World Youth U16 Chess Olympiad SLOVAKIA 2016"]
[Site "Poprad Tatry SLOVAKIA"]
[Date "2016.07.27"]
[Round "7"]
[Board "2"]
[White "Batashevs, Arsens"]
[Black "Schitco, Ivan"]
[Result "0-1"]
[WhiteElo "1994"]
[BlackElo "2148"]
[PlyCount "76"]
[EventDate "2016.07.22"]
[EventType "team"]
[EventRounds "9"]
[EventCountry "SVK"]
[WhiteTeam "Latvia"]
[BlackTeam "Moldova"]

1. f4 Nf6 2. Nf3 c5 3. b3 d5 4. e3 Nc6 5. Bb5 a6 6. Bxc6+ bxc6 7. Ne5 Qc7 8.
Bb2 Bf5 9. d3 h5 10. Nd2 Ng4 11. Qe2 Nxe5 12. fxe5 e6 13. O-O Be7 14. e4 Bg6
15. Rad1 h4 16. Nf3 Qa5 17. a3 Rb8 18. Rb1 h3 19. g4 Rb7 20. Bc1 c4 21. b4 Qc7
22. Bf4 O-O 23. Kf2 Rfb8 24. Kg3 a5 25. exd5 cxd5 26. dxc4 dxc4 27. c3 Bxb1 28.
Rxb1 axb4 29. axb4 Rd8 30. Kxh3 Rd3 31. Rc1 Qc6 32. Kg2 Ra7 33. Rc2 Ra1 34. Bc1
Bh4 35. Bd2 Rxf3 36. Qxf3 Rg1+ 37. Kxg1 Qxf3 38. Bc1 Qd1+ 0-1

[Event "FIDE World Youth U16 Chess Olympiad SLOVAKIA 2016"]
[Site "Poprad Tatry SLOVAKIA"]
[Date "2016.07.27"]
[Round "7"]
[Board "3"]
[White "Martinovici, Ilie"]
[Black "Polyakov, Fedor"]
[Result "1-0"]
[WhiteElo "2097"]
[BlackElo "1970"]
[PlyCount "101"]
[EventDate "2016.07.22"]
[EventType "team"]
[EventRounds "9"]
[EventCountry "SVK"]
[WhiteTeam "Moldova"]
[BlackTeam "Latvia"]

1. d4 Nf6 2. Nf3 c5 3. d5 e6 4. c4 exd5 5. cxd5 d6 6. Nc3 g6 7. g3 Bg7 8. Bg2
O-O 9. O-O Na6 10. Nd2 Nc7 11. a4 b6 12. Nc4 Ba6 13. Qb3 Bxc4 14. Qxc4 a6 15.
Qd3 Nd7 16. e4 Ne5 17. Qc2 b5 18. f4 Nc4 19. axb5 Nxb5 20. Ne2 Nb6 21. Be3 Re8
22. Rad1 f5 23. e5 dxe5 24. fxe5 Bxe5 25. Nf4 Nd4 26. Qxc5 Rc8 27. Qa5 Bxf4 28.
Bxd4 Be3+ 29. Bxe3 Rxe3 30. d6 Nd7 31. Qd5+ Kf8 32. Qd4 Re5 33. Bb7 Rcc5 34. b4
Rc2 35. Be4 Rc8 36. Bb7 Rc2 37. Rfe1 Rxe1+ 38. Rxe1 Qb6 39. Qxb6 Nxb6 40. Rd1
Ke8 41. Bxa6 Kd8 42. Bb5 Nd7 43. Ra1 Nb8 44. Ra8 Rc8 45. Kf2 Nd7 46. Rxc8+ Kxc8
47. Bxd7+ Kxd7 48. Ke3 g5 49. Kd4 Kxd6 50. b5 h5 51. h4 1-0

[Event "FIDE World Youth U16 Chess Olympiad SLOVAKIA 2016"]
[Site "Poprad Tatry SLOVAKIA"]
[Date "2016.07.27"]
[Round "7"]
[Board "4"]
[White "Sinauridze, Simons"]
[Black "Verbin, Valentina"]
[Result "0-1"]
[WhiteElo "1897"]
[BlackElo "1884"]
[PlyCount "62"]
[EventDate "2016.07.22"]
[EventType "team"]
[EventRounds "9"]
[EventCountry "SVK"]
[WhiteTeam "Latvia"]
[BlackTeam "Moldova"]

1. e4 c5 2. Nf3 d6 3. Bb5+ Nd7 4. O-O a6 5. Bxd7+ Bxd7 6. c3 Nf6 7. Re1 Bc6 8.
e5 dxe5 9. Nxe5 Qd5 10. Nxc6 Qxc6 11. d4 Rd8 12. Be3 e6 13. Qe2 Bd6 14. dxc5
Bxc5 15. Bxc5 Qxc5 16. Nd2 O-O 17. Nb3 Qg5 18. Rad1 Nd5 19. Qf3 b5 20. Rd4 Nf6
21. h4 Qh6 22. Red1 Rd5 23. Rxd5 Nxd5 24. Rd4 a5 25. g3 Nb6 26. Qc6 Nc4 27.
Qxb5 Nxb2 28. Qxa5 Qg6 29. c4 h6 30. c5 e5 31. Rd1 Nxd1 0-1

[Event "FIDE World Youth U16 Chess Olympiad SLOVAKIA 2016"]
[Site "Poprad Tatry SLOVAKIA"]
[Date "2016.07.27"]
[Round "7"]
[Board "1"]
[White "Kilic, Efe Mert"]
[Black "Miesbauer, Jan"]
[Result "1/2-1/2"]
[WhiteElo "2131"]
[BlackElo "2321"]
[PlyCount "84"]
[EventDate "2016.07.22"]
[EventType "team"]
[EventRounds "9"]
[EventCountry "SVK"]
[WhiteTeam "Turkey"]
[BlackTeam "Czech republic"]

1. e4 e6 2. Nf3 d5 3. exd5 exd5 4. d4 Bd6 5. c4 dxc4 6. Bxc4 Nf6 7. O-O O-O 8.
Bg5 Bg4 9. Nc3 Nbd7 10. Re1 c6 11. Ne4 Be7 12. Ng3 Bb4 13. Re3 Bd6 14. h3 Bxg3
15. fxg3 Nb6 16. Bb3 Be6 17. Bxe6 fxe6 18. Rxe6 Qd7 19. Qb3 Nfd5 20. Rae1 Rae8
21. Re7 Qc8 22. R1e5 Kh8 23. Rxe8 Rxe8 24. Qd3 Nd7 25. Rxe8+ Qxe8 26. Qf5 Kg8
27. Bf4 Qf7 28. Qxf7+ Kxf7 29. Ng5+ Kg6 30. Ne6 b6 31. Nd8 c5 32. Nc6 cxd4 33.
Nxd4 Nc5 34. Bd6 Ne4 35. Bb8 a6 36. Kf1 Kf6 37. Ke2 Nc5 38. Kd2 b5 39. b3 Ne4+
40. Kd3 Nc5+ 41. Kd2 Ne4+ 42. Kd3 Nc5+ 1/2-1/2

[Event "FIDE World Youth U16 Chess Olympiad SLOVAKIA 2016"]
[Site "Poprad Tatry SLOVAKIA"]
[Date "2016.07.27"]
[Round "7"]
[Board "2"]
[White "Anaskin, Arsenij"]
[Black "Dedebas, Emre Emin"]
[Result "0-1"]
[WhiteElo "2139"]
[BlackElo "2108"]
[PlyCount "108"]
[EventDate "2016.07.22"]
[EventType "team"]
[EventRounds "9"]
[EventCountry "SVK"]
[WhiteTeam "Czech republic"]
[BlackTeam "Turkey"]

1. e4 e5 2. Nf3 Nc6 3. Nc3 Nf6 4. Bb5 Bb4 5. O-O O-O 6. d3 d6 7. Ne2 Ne7 8. c3
Ba5 9. Ng3 Ng6 10. h3 c6 11. Ba4 Re8 12. Re1 Bc7 13. d4 Qe7 14. Nf5 Bxf5 15.
exf5 Nf8 16. Bg5 N8d7 17. d5 cxd5 18. Bxf6 Nxf6 19. Bxe8 Rxe8 20. a4 Qd7 21.
Nh4 e4 22. g4 h6 23. Ng2 d4 24. Qxd4 d5 25. Ne3 Qd6 26. Nf1 Nh7 27. Red1 Ng5
28. Kg2 Qf4 29. Qe3 Qf3+ 30. Qxf3 exf3+ 31. Kh1 Nxh3 32. Rd2 Bf4 33. Ne3 Bxe3
34. fxe3 Rxe3 35. Rf1 Re2 36. Rxe2 fxe2 37. Re1 Nf4 38. Kh2 g5 39. Kg3 Kg7 40.
a5 Kf6 41. Kf3 Ke5 42. Rh1 d4 43. cxd4+ Kxd4 44. Kf2 Kd3 45. Rxh6 Kd2 46. Rh1
Nd3+ 47. Kf3 e1=Q 48. Rxe1 Kxe1 49. b4 Ne5+ 50. Ke4 Nxg4 51. b5 Nf6+ 52. Ke5
Ne8 53. b6 axb6 54. axb6 Kf2 0-1

[Event "FIDE World Youth U16 Chess Olympiad SLOVAKIA 2016"]
[Site "Poprad Tatry SLOVAKIA"]
[Date "2016.07.27"]
[Round "7"]
[Board "3"]
[White "Can, Isik"]
[Black "Jelinek, Michal"]
[Result "1-0"]
[WhiteElo "2103"]
[BlackElo "2176"]
[PlyCount "115"]
[EventDate "2016.07.22"]
[EventType "team"]
[EventRounds "9"]
[EventCountry "SVK"]
[WhiteTeam "Turkey"]
[BlackTeam "Czech republic"]

1. e4 e6 2. d4 d5 3. Nc3 Bb4 4. e5 c5 5. a3 Bxc3+ 6. bxc3 Ne7 7. Qg4 O-O 8. Bd3
Nbc6 9. Bh6 Ng6 10. Bxg6 fxg6 11. Bd2 Qb6 12. Nf3 Bd7 13. h4 cxd4 14. cxd4 Rxf3
15. Qxf3 Nxd4 16. Qd1 Bb5 17. c3 Nc6 18. Be3 Qc7 19. f4 Nxe5 20. Qd4 Nd3+ 21.
Kd2 Rf8 22. g3 Bc4 23. Rhf1 b6 24. Rg1 Nc5 25. Rab1 Nb3+ 26. Rxb3 Bxb3 27. Qe5
Qxe5 28. fxe5 Bc4 29. Bf4 Kf7 30. a4 Ke7 31. Ra1 Kd7 32. a5 bxa5 33. Rxa5 a6
34. Kc2 Kc6 35. Ra1 Ra8 36. Bc1 a5 37. Ba3 a4 38. Rb1 Ra7 39. Rb8 Rf7 40. Rf8
Rf5 41. Bd6 Bb3+ 42. Kd3 h6 43. Kd4 g5 44. h5 Bd1 45. Rc8+ Kb6 46. Re8 Bxh5 47.
Rxe6 Kb5 48. Re7 Rf3 49. Rb7+ Kc6 50. Rxg7 Rxg3 51. Rc7+ Kb6 52. Kxd5 Bg4 53.
Rc4 Bf3+ 54. Ke6 Bd1 55. Kf6 g4 56. e6 Re3 57. Bc5+ Kb5 58. Bxe3 1-0

[Event "FIDE World Youth U16 Chess Olympiad SLOVAKIA 2016"]
[Site "Poprad Tatry SLOVAKIA"]
[Date "2016.07.27"]
[Round "7"]
[Board "4"]
[White "Dolansky, Lukas"]
[Black "Akdogan, Alperen"]
[Result "0-1"]
[WhiteElo "2102"]
[BlackElo "2050"]
[PlyCount "102"]
[EventDate "2016.07.22"]
[EventType "team"]
[EventRounds "9"]
[EventCountry "SVK"]
[WhiteTeam "Czech republic"]
[BlackTeam "Turkey"]

1. e4 c6 2. d4 d5 3. exd5 cxd5 4. Bd3 Nc6 5. c3 Nf6 6. Bf4 g6 7. Nf3 Bg7 8. O-O
Bf5 9. Bxf5 gxf5 10. Ne5 O-O 11. Re1 e6 12. Re3 Ne7 13. Rh3 Ng6 14. Bg5 Re8 15.
Nd2 Qd6 16. f4 Qf8 17. Bxf6 Bxf6 18. Qh5 Qg7 19. Rf1 Rac8 20. Kh1 b5 21. a3 a5
22. g4 Bxe5 23. fxe5 f4 24. Nf3 b4 25. axb4 axb4 26. Ng5 h6 27. Nf3 bxc3 28.
bxc3 Rxc3 29. g5 hxg5 30. Rg1 Rb8 31. Nxg5 Rxh3 32. Qxh3 Rb6 33. Qh5 Qh8 34.
Qg4 Rb2 35. h3 Rb3 36. Rg2 Kf8 37. Qd1 Re3 38. Qb1 Qh4 39. Qb8+ Kg7 40. Qe8
Rxh3+ 41. Nxh3 Qxh3+ 42. Kg1 f3 43. Rf2 Nf4 44. Qb5 Qg3+ 45. Kf1 Nh3 46. Rxf3
Qxf3+ 47. Ke1 Qe3+ 48. Kd1 Qxd4+ 49. Ke1 Qe3+ 50. Kd1 Nf2+ 51. Kc2 Qd3+ 0-1

[Event "FIDE World Youth U16 Chess Olympiad SLOVAKIA 2016"]
[Site "Poprad Tatry SLOVAKIA"]
[Date "2016.07.27"]
[Round "7"]
[Board "1"]
[White "Chan, Kris"]
[Black "Bratkovic, Jakob"]
[Result "1-0"]
[WhiteElo "2187"]
[BlackElo "2186"]
[PlyCount "93"]
[EventDate "2016.07.22"]
[EventType "team"]
[EventRounds "9"]
[EventCountry "SVK"]
[WhiteTeam "Australia"]
[BlackTeam "Slovenia"]

1. d4 d5 2. c4 c6 3. Nc3 Nf6 4. e3 e6 5. Nf3 Nbd7 6. b3 Bb4 7. Bd2 O-O 8. Bd3
Re8 9. O-O Bd6 10. e4 dxe4 11. Nxe4 Nxe4 12. Bxe4 e5 13. dxe5 Nxe5 14. Qc2 f5
15. Bxf5 Nxf3+ 16. gxf3 Bxf5 17. Qxf5 Bxh2+ 18. Kxh2 Qxd2 19. Rad1 Qh6+ 20. Qh3
Qf4+ 21. Qg3 Qf7 22. Rd4 Re6 23. Rg4 Rf8 24. Rd1 Kh8 25. Rdd4 Rf6 26. f4 Rh6+
27. Kg2 Qe7 28. Qe3 Qf7 29. Qe5 Rg6 30. Rxg6 Qxg6+ 31. Qg5 Qf7 32. Qg4 g5 33.
Qxg5 Rg8 34. Rd8 Rxd8 35. Qxd8+ Kg7 36. Qd4+ Kg8 37. Qxa7 Qg7+ 38. Kf3 h5 39.
Qb8+ Kh7 40. Qc8 Qg6 41. Qxb7+ Kh6 42. Qe7 Qd3+ 43. Kg2 Qd1 44. Qg5+ Kh7 45. f5
Qe2 46. Qg6+ Kh8 47. f6 1-0

[Event "FIDE World Youth U16 Chess Olympiad SLOVAKIA 2016"]
[Site "Poprad Tatry SLOVAKIA"]
[Date "2016.07.27"]
[Round "7"]
[Board "2"]
[White "Zamar Kodelja, Jurij"]
[Black "Bhat, Vishal"]
[Result "0-1"]
[WhiteElo "2103"]
[BlackElo "2107"]
[PlyCount "42"]
[EventDate "2016.07.22"]
[EventType "team"]
[EventRounds "9"]
[EventCountry "SVK"]
[WhiteTeam "Slovenia"]
[BlackTeam "Australia"]

1. d4 d5 2. c4 c6 3. Nf3 Nf6 4. e3 Bf5 5. Be2 h6 6. O-O e6 7. Nc3 a6 8. c5 Nbd7
9. Bd2 Be7 10. b4 O-O 11. a4 g5 12. Ne5 Nxe5 13. dxe5 Nd7 14. f4 a5 15. bxa5
Nxc5 16. Be1 gxf4 17. exf4 d4 18. Nb1 d3 19. Rf2 dxe2 20. Qxe2 Nb3 21. Qh5 Bc5
 0-1

[Event "FIDE World Youth U16 Chess Olympiad SLOVAKIA 2016"]
[Site "Poprad Tatry SLOVAKIA"]
[Date "2016.07.27"]
[Round "7"]
[Board "3"]
[White "Chan, Luis"]
[Black "Amon, Nejc"]
[Result "1/2-1/2"]
[WhiteElo "1953"]
[BlackElo "2104"]
[PlyCount "145"]
[EventDate "2016.07.22"]
[EventType "team"]
[EventRounds "9"]
[EventCountry "SVK"]
[WhiteTeam "Australia"]
[BlackTeam "Slovenia"]

1. d4 Nf6 2. c4 e6 3. Nc3 Bb4 4. e3 O-O 5. Nge2 d5 6. a3 Bd6 7. c5 Be7 8. b4 c6
9. Ng3 b6 10. Qa4 a5 11. Bd2 Ba6 12. Bxa6 Rxa6 13. Qd1 Nbd7 14. O-O Qc7 15. e4
dxe4 16. Ncxe4 Rfa8 17. Rb1 axb4 18. axb4 Nd5 19. Nc3 N7f6 20. b5 Nxc3 21. Bxc3
cxb5 22. Rxb5 Nd5 23. Bb2 bxc5 24. dxc5 Bxc5 25. Qg4 Bf8 26. Nh5 Ra4 27. Qg5 h6
28. Qd2 Qc4 29. Rb7 Rb4 30. Rxb4 Qxb4 31. Qxb4 Nxb4 32. g4 Nd5 33. h3 g6 34.
Nf6+ Nxf6 35. Bxf6 Bg7 36. Bxg7 Kxg7 37. Re1 Kf6 38. Kg2 Ra5 39. Rb1 h5 40. Rb3
hxg4 41. hxg4 Kg5 42. Kg3 e5 43. f3 Ra2 44. Rb5 Kf6 45. Rb6+ Kg7 46. Rb7 Ra4
47. g5 Rf4 48. Re7 Rf5 49. Kg4 Kf8 50. Ra7 Rf4+ 51. Kg3 Rd4 52. Ra5 e4 53. f4
Rd3+ 54. Kg4 Rd6 55. Kg3 f6 56. gxf6 Kf7 57. f5 g5 58. Re5 Kxf6 59. Rxe4 Kxf5
60. Re3 Rd1 61. Ra3 Rg1+ 62. Kf2 Rb1 63. Kg3 Kg6 64. Ra6+ Kh5 65. Ra3 Rg1+ 66.
Kh2 Rg4 67. Kh3 Rb4 68. Kg3 Rb5 69. Rc3 g4 70. Rc8 Rb3+ 71. Kg2 Rb2+ 72. Kg3
Rb3+ 73. Kg2 1/2-1/2

[Event "FIDE World Youth U16 Chess Olympiad SLOVAKIA 2016"]
[Site "Poprad Tatry SLOVAKIA"]
[Date "2016.07.27"]
[Round "7"]
[Board "4"]
[White "Hrescak, Ivana"]
[Black "Yao, Licia"]
[Result "1-0"]
[WhiteElo "2081"]
[BlackElo "1677"]
[PlyCount "87"]
[EventDate "2016.07.22"]
[EventType "team"]
[EventRounds "9"]
[EventCountry "SVK"]
[WhiteTeam "Slovenia"]
[BlackTeam "Australia"]

1. d4 d5 2. c4 e6 3. Nc3 Nf6 4. cxd5 exd5 5. Bg5 Be7 6. e3 c6 7. Bd3 Nbd7 8.
Nge2 O-O 9. O-O Re8 10. Qc2 b6 11. Rad1 Bb7 12. Bf5 h6 13. Bh4 Nh5 14. Bxe7
Qxe7 15. Rfe1 Nhf6 16. Nf4 Ne4 17. f3 Nxc3 18. Qxc3 Rad8 19. e4 dxe4 20. fxe4
Nf6 21. Qg3 Bc8 22. Bxc8 Rxc8 23. e5 Nd5 24. Nxd5 cxd5 25. Qb3 Qd7 26. Re3 Rc4
27. Rg3 Rec8 28. Qe3 Qc6 29. Rf1 Rc1 30. Rgf3 Rxf1+ 31. Rxf1 Qg6 32. Qf3 Rd8
33. h3 Rd7 34. Rc1 Qe6 35. Qd3 Qe7 36. Rc8+ Rd8 37. Rc6 Qd7 38. Qc2 Qb7 39. Rc7
Qa6 40. e6 Rf8 41. e7 Rb8 42. Rd7 Kh8 43. Rd8+ Rxd8 44. exd8=Q# 1-0

[Event "FIDE World Youth U16 Chess Olympiad SLOVAKIA 2016"]
[Site "Poprad Tatry SLOVAKIA"]
[Date "2016.07.27"]
[Round "7"]
[Board "1"]
[White "Mammadzada, Gunay"]
[Black "Sahidi, Samir"]
[Result "1-0"]
[WhiteElo "2353"]
[BlackElo "2216"]
[PlyCount "75"]
[EventDate "2016.07.22"]
[EventType "team"]
[EventRounds "9"]
[EventCountry "SVK"]
[WhiteTeam "Azerbaijan"]
[BlackTeam "Slovakia 2"]

1. e4 c5 2. Nf3 e6 3. d4 cxd4 4. Nxd4 a6 5. Bd3 Bc5 6. Nb3 Ba7 7. Qe2 d6 8. c4
Nc6 9. Be3 e5 10. Bxa7 Rxa7 11. Nc3 Nge7 12. O-O O-O 13. Rfd1 f5 14. c5 Rf6 15.
Bc4+ Kh8 16. Qd2 Bd7 17. cxd6 Nc8 18. exf5 Nxd6 19. Bd3 Ra8 20. Nd5 Rf7 21. Qe3
Qf8 22. Nb6 Re8 23. Nxd7 Rxd7 24. Nc5 Rde7 25. g4 Nd4 26. Ne4 Nxe4 27. Qxe4 Qf6
28. Kh1 Qh4 29. Rg1 Qxf2 30. Raf1 Qh4 31. Rg3 Qg5 32. Rh3 Rf8 33. f6 g6 34.
fxe7 Rxf1+ 35. Bxf1 Qxe7 36. Qxg6 Ne6 37. Bc4 Qg7 38. Qxe6 1-0

[Event "FIDE World Youth U16 Chess Olympiad SLOVAKIA 2016"]
[Site "Poprad Tatry SLOVAKIA"]
[Date "2016.07.27"]
[Round "7"]
[Board "2"]
[White "Haring, Filip"]
[Black "Asadli, Vugar"]
[Result "0-1"]
[WhiteElo "2155"]
[BlackElo "2411"]
[PlyCount "106"]
[EventDate "2016.07.22"]
[EventType "team"]
[EventRounds "9"]
[EventCountry "SVK"]
[WhiteTeam "Slovakia 2"]
[BlackTeam "Azerbaijan"]

1. e4 c5 2. Nf3 e6 3. d4 cxd4 4. Nxd4 a6 5. Nc3 Qc7 6. Bd3 Nf6 7. O-O Be7 8. a4
O-O 9. Kh1 b6 10. f4 d6 11. Qe2 Bb7 12. Bd2 Nbd7 13. Rae1 g6 14. e5 Nh5 15. Nf3
Nc5 16. Ne4 Bxe4 17. Bxe4 Rac8 18. g4 Ng7 19. c3 Nxe4 20. Qxe4 Rfd8 21. Be3
dxe5 22. fxe5 Rd5 23. Bd4 Rcd8 24. Qe2 b5 25. axb5 axb5 26. b4 Qc6 27. Qe4 Ne8
28. Ra1 Ra8 29. Rxa8 Qxa8 30. Qf4 Nc7 31. Bb6 Rd7 32. Bxc7 Rxc7 33. Kg1 Qd5 34.
Nd4 Bd8 35. Qf3 Qxe5 36. Qa8 Qg5 37. Nxb5 Rd7 38. Qc6 Qxg4+ 39. Kh1 Qe2 40. Kg1
Qe3+ 41. Kh1 Qe2 42. Kg1 Bg5 43. Qf3 Qxb5 44. Qa8+ Kg7 45. Qf3 f5 46. Re1 e5
47. Qg3 Qb6+ 48. Kh1 Qc6+ 49. Kg1 Bf4 50. Qf2 Qxc3 51. b5 Rd2 52. Qa7+ Kh6 53.
Qe7 Bxh2+ 0-1

[Event "FIDE World Youth U16 Chess Olympiad SLOVAKIA 2016"]
[Site "Poprad Tatry SLOVAKIA"]
[Date "2016.07.27"]
[Round "7"]
[Board "3"]
[White "Gadimbayli, Abdulla"]
[Black "Bango, Lukas"]
[Result "1-0"]
[WhiteElo "2316"]
[BlackElo "2109"]
[PlyCount "81"]
[EventDate "2016.07.22"]
[EventType "team"]
[EventRounds "9"]
[EventCountry "SVK"]
[WhiteTeam "Azerbaijan"]
[BlackTeam "Slovakia 2"]

1. e4 c5 2. Nf3 d6 3. d4 cxd4 4. Nxd4 Nf6 5. Nc3 g6 6. Be3 Bg7 7. f3 O-O 8. Qd2
Nc6 9. O-O-O d5 10. exd5 Nxd5 11. Nxc6 bxc6 12. Bd4 e5 13. Bc5 Be6 14. Ne4 Re8
15. h4 h6 16. g4 Qc7 17. h5 g5 18. Bc4 Red8 19. Qf2 a5 20. a4 Rab8 21. b3 Bf8
22. Rhe1 Nf4 23. Rxd8 Qxd8 24. Rd1 Qc7 25. Bxf8 Rxf8 26. Bxe6 Nxe6 27. Rd7 Qb8
28. Qd2 Rd8 29. Qxa5 Kg7 30. Rxd8 Nxd8 31. Qc5 Ne6 32. Qxc6 Qa7 33. Qd5 Qe3+
34. Kb2 Qxf3 35. Qxe5+ Kf8 36. a5 Qe2 37. Qh8+ Ke7 38. Qf6+ Ke8 39. Nd6+ Kd7
40. Nxf7 Nf4 41. Ne5+ 1-0